Statistiques concernant Capitale d'Afrique 1 minute sprint

Cliquez ici pour prendre le quiz!

Statistiques générales

  • Ce quiz a été pris 45 fois
  • Le résultat moyen est 18 sur 54

Statistiques - réponses

HintRéponse% Correct
AlgérieAlger
100%
Afrique du sudPretoria, Le cap, Bloemfontein
85%
EgypteLe caire
82%
MarocRabat
74%
TunisieTunis
71%
SénégalDakar
62%
CamerounYaounde
56%
DjiboutiDjibouti
50%
AngolaLuanda
50%
KenyaNairobi
50%
Côte d'IvoireYamoussoukro
50%
EthiopieAddis-Abeba
47%
Burkina FasoOuagadougou
47%
LibyeTripoli
47%
GhanaAccra
41%
MaliBamako
41%
Cap-VertPraia
41%
GuinéeConakry
38%
République Démocratique
du Congo
Kinshasa
38%
GabonLibreville
38%
BéninPorto-Novo
38%
BotswanaGaborone
32%
EswatiniMbabane
32%
ErythréeAsmara
29%
République du CongoBrazzaville
29%
ComoresMoroni
29%
NigerNiamey
29%
GambieBanjul
26%
Guinée-BissauBissau
26%
TanzanieDodoma
24%
Sierra LeoneFreetown
24%
RwandaKigali
24%
TogoLomé
24%
BurundiGitega
21%
OugandaKampala
21%
ZambieLusaka
21%
Guinée EquatorialeMalabo
21%
MozambiqueMaputo
21%
SomalieMogadiscio
21%
NigeriaAbuja
18%
MadagascarAntananarivo
18%
SoudanKhartoum
18%
LesothoMaseru
18%
République CentrafricaineBangui
15%
ZimbabweHarare
15%
MalawiLilongwe
15%
LiberiaMonrovia
15%
Sao Tomé-et-PrincipeSao Tomé
15%
SeychellesVictoria
15%
NamibieWindhoek
15%
MauritanieNouakchott
9%
MauricePort-Louis
9%
Soudan du sudDjouba
6%
TchadNdjamena
3%

Distribution des résultats

Percentile par nombre de réponses

% des personnes avec chaque résultat

Votre développement - résultats

Vous n’avez pas pris ce quiz